000 00768nam a2200217Ii 4500
003 JO-AjNU
008 230605s9999||||xx |||||||||||||| ||und||
017 _a1991/36
040 _aJO-AjNU
_bara
_erda
_cJO-AjNU
041 _aara
050 1 4 _aBP173.75.N3498 1991
100 3 _aياسين، نجمان,
_eauthor
_98069
245 0 0 _aتطور الأوضاع الإقتصادية في عصر الرسالة والراشدين
250 _aط1
264 3 1 _aبغداد: دار الشؤون الثقافية العامة، 1991
300 _a367ص
336 _atext
_btxt
_2rdacontent
337 _aunmediated
_bn
_2rdamedia
338 _avolume
_bnc
_2rdacarrier
650 4 _aالاسلام- تاريخ عصر صدر الاسلام- احوال اقتصادية
_98070
999 _aA600
_c4168
_d4168